Testimonios / (Registro nro. 14245)
[ vista simple ]
| 000 -LEADER | |
|---|---|
| fixed length control field | 01084nam a2200301 a 4500 |
| 001 - CONTROL NUMBER | |
| control field | 000021150 |
| 003 - CONTROL NUMBER IDENTIFIER | |
| control field | DO-SdBNP |
| 005 - DATE AND TIME OF LATEST TRANSACTION | |
| control field | 20220824110443.0 |
| 008 - FIXED-LENGTH DATA ELEMENTS--GENERAL INFORMATION | |
| fixed length control field | 100901s2002 dr ac 001 0dspa d |
| 020 ## - INTERNATIONAL STANDARD BOOK NUMBER | |
| International Standard Book Number | 9993402737(v.1) |
| 020 ## - INTERNATIONAL STANDARD BOOK NUMBER | |
| International Standard Book Number | 9993402745(v.2) |
| 040 ## - CATALOGING SOURCE | |
| Original cataloging agency | DO-SdBNP |
| Language of cataloging | spa |
| Transcribing agency | BPMSU |
| 082 ## - DEWEY DECIMAL CLASSIFICATION NUMBER | |
| Classification number | 972.93053 |
| Item number | C679t 2002 |
| Edition number | 22 |
| 100 1# - MAIN ENTRY--PERSONAL NAME | |
| Personal name | Coiscou Guzmán, Grey, |
| Dates associated with a name | 1941- |
| 245 10 - TITLE STATEMENT | |
| Title | Testimonios / |
| Statement of responsibility, etc. | Grey Coiscou Guzmán. |
| 260 ## - PUBLICATION, DISTRIBUTION, ETC. (IMPRINT) | |
| Place of publication, distribution, etc. | Santo Domingo : |
| Name of publisher, distributor, etc. | Búho, |
| Date of publication, distribution, etc. | 2002. |
| 300 ## - PHYSICAL DESCRIPTION | |
| Extent | 3 v. : |
| Other physical details | il., retrs. ; |
| Dimensions | 22 cm. |
| 500 ## - GENERAL NOTE | |
| General note | Incluye datos biográficos del autora en las solapas. |
| 505 0# - FORMATTED CONTENTS NOTE | |
| Formatted contents note | v. 1 La simiente convulsa -- v. 2 La gavilla luminosa .- V.3 La siega redentora. |
| 590 ## - LOCAL NOTE (RLIN) | |
| Local note | Inventariado, 2022/VM |
| 650 #4 - SUBJECT ADDED ENTRY--TOPICAL TERM | |
| Topical term or geographic name as entry element | Persecuciones políticas |
| Geographic subdivision | República Dominicana |
| 650 #4 - SUBJECT ADDED ENTRY--TOPICAL TERM | |
| Topical term or geographic name as entry element | Resistencia civil |
| 651 #4 - SUBJECT ADDED ENTRY--GEOGRAPHIC NAME | |
| Geographic name | República Dominicana |
| General subdivision | Historia |
| Chronological subdivision | Era de Trujillo, 1930-1961 |
| 651 #4 - SUBJECT ADDED ENTRY--GEOGRAPHIC NAME | |
| Geographic name | República Dominicana |
| General subdivision | Política y gobierno |
| Chronological subdivision | Era de Trujillo, 1930-1961 |
| 651 #4 - SUBJECT ADDED ENTRY--GEOGRAPHIC NAME | |
| Geographic name | República Dominicana |
| General subdivision | Historia |
| Chronological subdivision | 19630-1961 |
| 910 ## - USER-OPTION DATA (OCLC) | |
| User-option data | VMateo V. |
| 942 ## - ADDED ENTRY ELEMENTS (KOHA) | |
| Source of classification or shelving scheme | Dewey Decimal Classification |
| Koha item type | Libros |
| Withdrawn status | Lost status | Source of classification or shelving scheme | Damaged status | Not for loan | Collection code | Home library | Current library | Date acquired | Source of acquisition | Full call number | Barcode | Date last seen | Copy number | Price effective from | Koha item type |
|---|---|---|---|---|---|---|---|---|---|---|---|---|---|---|---|
| Dewey Decimal Classification | Colección Dominicana | Biblioteca Pública Metropolitana Salomé Ureña | Biblioteca Pública Metropolitana Salomé Ureña | 08/24/2022 | Maritza Pérez Gimberard | BPMSU CD 972.93053 C679t 2002 | BPMSU22080032 | 08/24/2022 | v.2 | 08/24/2022 | Libros | ||||
| Dewey Decimal Classification | Colección Dominicana | Biblioteca Pública Metropolitana Salomé Ureña | Biblioteca Pública Metropolitana Salomé Ureña | 08/24/2022 | Maritza Pérez Gimberard | BPMSU CD 972.93053 C679t 2002 | BPMSU22080033 | 08/24/2022 | v.1 | 08/24/2022 | Libros |